[Event "Ilyumzhinov Cup"]
[Site "Internet"]
[Date "2006.05.06"]
[Round "?"]
[White "Ivanov, Andrey"]
[Black "Feoktistov, Alexey A"]
[Result "0-1"]
[WhiteElo "2231"]
[BlackElo "2421"]
[PlyCount "130"]
[EventDate "2006.05.06"]
[EventType "swiss"]
[EventRounds "13"]
[EventCountry "RUS"]
[SourceTitle "CBM 112 Extra"]
[Source "ChessBase"]
[SourceDate "2006.07.14"]
[SourceVersion "1"]
[SourceVersionDate "2006.07.14"]
[SourceQuality "1"]

1. e4 e6 2. d4 d5 3. Nc3 dxe4 4. Nxe4 Nd7 5. Nf3 Ngf6 6. Bd3 c5 7. Qe2 cxd4 8. Nxd4 Nc5 9. Nxc5 Bxc5 10. Nb3 Bb6 11. Bg5 h6 12. Bh4 Bd7 13. 0-0-0 Qe7 14. Qf3 Bc6 15. Qh3 a5 16. Be2 a4 17. Nd4 a3 18. b3 g5 19. Bxg5 0-0-0 20. Nxc6 bxc6 21. Ba6+ Kb8 22. Bf4+ Ka7 23. Bc4 Ne4 24. Be3 f5 25. Bxb6+ Kxb6 26. Qe3+ c5 27. f3 Qf6 28. c3 Qxc3+ 29. Qxc3 Nxc3 30. Rxd8 Rxd8 31. b4 cxb4 32. Bxe6 f4 33. Re1 Re8 34. Kd2 Kc5 35. Bb3 Rd8+ 36. Kc2 Kd4 37. Re6 Rc8 38. Kd2 Nb1+ 39. Kd1 Kc3 40. Rxh6 Kb2 41. g4 fxg3 42. hxg3 Rc1+ 43. Ke2 Nc3+ 44. Kd3 Nxa2 45. Be6 Rc3+ 46. Kd4 b3 47. Rh2+ Rc2 48. Rxc2+ bxc2 49. Bxa2 Kxa2 50. f4 c1Q 51. f5 Qg5 52. Ke5 Qxg3+ 53. Ke6 Qg4 54. Ke5 Qxf5+ 55. Kxf5 Kb3 56. Ke4 a2 57. Kd5 a1Q 58. Ke4 Qf6 59. Kd5 Qf4 60. Kc5 Qe5+ 61. Kc6 Kb4 62. Kb6 Qd6+ 63. Kb7 Kb5 64. Kc8 Qe7 65. Kb8 Kb6 0-1

[Event "Krakow op-A"]
[Site "Krakow"]
[Date "2000.12.30"]
[Round "4"]
[White "Ivanov, Andrey"]
[Black "Miroshnichenko, Evgenij"]
[Result "0-1"]
[WhiteElo "2200"]
[BlackElo "2509"]
[PlyCount "106"]
[EventDate "2000.12.??"]
[EventType "swiss"]
[EventRounds "9"]
[EventCountry "POL"]
[SourceTitle "EXT 2005"]
[Source "ChessBase"]
[SourceDate "2004.11.15"]
[SourceVersion "1"]
[SourceVersionDate "2004.11.15"]
[SourceQuality "1"]

1. e4 c5 2. c3 Nf6 3. e5 Nd5 4. d4 cxd4 5. cxd4 d6 6. Bc4 Nb6 7. Bb5+ Bd7 8. e6 Bxb5 9. Qh5 Qc8 10. Qxb5+ Kd8 11. Be3 fxe6 12. Na3 Qc6 13. Qg5 Qd5 14. Qf4 h5 15. Qf3 Nc6 16. h4 Kd7 17. Rh3 g6 18. Rg3 Bg7 19. Qxd5 Nxd5 20. Nf3 e5 21. Rxg6 exd4 22. Rxg7 dxe3 23. Rd1 exf2+ 24. Kxf2 Nf6 25. Nc4 Ng4+ 26. Ke2 Rh6 27. Rd5 Rf8 28. Rb5 b6 29. a4 Rf4 30. b3 Nd4+ 31. Nxd4 Rxd4 32. Rgg5 Re6+ 33. Kf3 Rd3+ 34. Kf4 Rd4+ 35. Kf3 Rd3+ 36. Kf4 Rf6+ 37. Rgf5 e5+ 38. Kg5 Ke6 39. Rxf6+ Nxf6 40. a5 bxa5 41. Rxa5 Rxb3 42. Rxa7 Rg3+ 43. Kh6 Rg4 44. Rc7 Rxh4 45. Rc6 Rd4 46. Kg5 Rg4+ 47. Kh6 Ne4 48. Kxh5 Rxg2 49. Ne3 Rg3 50. Ng4 Kf5 51. Nh6+ Kf4 52. Rc8 Nf6+ 53. Kh4 Rg5 0-1